• 首页
  • 本馆介绍
  • 公告通知
  • 最新文献
  • 馆藏检索
  • 电子资源
  • 读者导购
  • 参考咨询
  • 我的图书馆
  • 登录
  • 详细信息显示
  • 放入我的书架
  • 预约/预借图书
  • 作者相关作品
  • 分类相关作品
  • 丛书相关作品
  • 出版社相关作品

书目信息

  • 表格格式
  • 工作单格式
  • 卡片格式
题名:
高等美术管理专业理论研究
    
 
作者: 陈素霞 , 谢宇光 著
分册:  
出版信息: 长春   吉林出版集团股份有限公司  2022.06
页数: 159页
开本: 24cm
丛书名:
单 册:
中图分类: J114-4
科图分类:
主题词: 美术--mei shu--管理学--学科建设--研究--高等学校
电子资源:
ISBN: 978-7-5581-9874-8
000 01008nam0 2200253 450
001 CAL 0120227448021
005 20230217093113.0
010    @a978-7-5581-9874-8@dCNY48.00
100    @a20220730d2022 em y0chiy0120 ea
101 0  @achi
102    @aCN@b220000
105    @ay a 000yy
106    @ar
200 1  @a高等美术管理专业理论研究@Agao deng mei shu guan li zhuan ye li lun yan jiu@f陈素霞, 谢宇光著
210    @a长春@c吉林出版集团股份有限公司@d2022.06
215    @a159页@d24cm
320    @a有书目 (第158-159页)
330    @a本书共分九章, 主要内容包括: 美术教育的概论、美术教育的功能和价值、高等美术教育目的、高等美术教育的学习理论、高等美术教育方法、高等美术教学中的教师与学生、高等美术创新教育发展、新时代互联网下美术教学、数字信息技术与高等美术教学的整合。
606 0  @a美术@Amei shu@x管理学@x学科建设@x研究@x高等学校
690    @aJ114-4@v5
701  0 @a陈素霞@Achen su xia@4著
701  0 @a谢宇光@Axie yu guang@4著
801  0 @aCN@bBJXHZP@c20230228
905    @b1397110-3@dJ114-4@e178@f4
    
    高等美术管理专业理论研究/陈素霞, 谢宇光著.-长春:吉林出版集团股份有限公司,2022.06
    159页;24cm
    
    
    ISBN 978-7-5581-9874-8:CNY48.00
    本书共分九章, 主要内容包括: 美术教育的概论、美术教育的功能和价值、高等美术教育目的、高等美术教育的学习理论、高等美术教育方法、高等美术教学中的教师与学生、高等美术创新教育发展、新时代互联网下美术教学、数字信息技术与高等美术教学的整合。
●
相关链接 在E读中查询图书 在五车中查询图书 在当当中查询图书 在豆瓣中查询图书


正题名:高等美术管理专业理论研究     索取号:J114-4/178         预约/预借

序号 登录号 条形码 馆藏地/架位号 状态 备注
1 1397110   213971102   第一样本阅览室/ [索取号:J114-4/178] 在馆    
2 1397111   213971111   第一借阅区/ [索取号:J114-4/178] 在馆    
3 1397112   213971120   第一借阅区/ [索取号:J114-4/178] 在馆    
4 1397113   213971139   第一借阅区/ [索取号:J114-4/178] 在馆    
唐山师范学院图书馆 欢迎您!
大连网信软件有限公司© 版权所有